[Event "WchT Blitz Final"]
[Site "London"]
[Date "2025.06.15"]
[Round "4.1"]
[White "Tokhirjonova, Gulruhbegim"]
[Black "Divya, Deshmukh"]
[Result "0-1"]
[WhiteElo "2370"]
[BlackElo "2463"]
[PlyCount "126"]
[EventDate "2025.06.15"]
[EventType "team-k.o. (blitz)"]
[EventRounds "4"]
[EventCountry "ENG"]
[SourceTitle "CB25_2025"]
[SourceDate "2025.06.18"]
[SourceVersion "1"]
[SourceVersionDate "2025.06.18"]
[SourceQuality "1"]
[WhiteTeam "Uzbekistan"]
[BlackTeam "Hexamind Team"]
[WhiteTeamCountry "UZB"]
[BlackTeamCountry "USA"]

1. Nf3 Nf6 2. g3 d5 3. Bg2 Bf5 4. 0-0 e6 5. d3 h6 6. Nbd2 c6 7. Qe1 Be7 8. e4 dxe4 9. dxe4 Bh7 10. Ne5 0-0 11. Nd3 Na6 12. Nb3 c5 13. Na5 Qc8 14. Bf4 c4 15. Ne5 Bb4 16. Bd2 c3 17. Bxc3 Bxc3 18. Qxc3 Qxc3 19. bxc3 b6 20. Nac6 Bxe4 21. Rfd1 Nc5 22. Rd4 Bxg2 23. Kxg2 Nfe4 24. c4 Kh7 25. a4 f6 26. Nd3 Rfc8 27. Ncb4 e5 28. Rd5 Nc3 29. Rd6 N5xa4 30. Nd5 Nxd5 31. cxd5 b5 32. Nb4 Rc4 33. Nc6 Rxc2 34. Rd7 Nb6 35. Rdxa7 Rxa7 36. Rxa7 Nxd5 37. Rb7 b4 38. Rb5 Rxc6 39. Rxd5 Rb6 40. Rd2 b3 41. Rb2 Kg6 42. Kf3 Kf5 43. Ke3 Kg4 44. f3+ Kh3 45. Ke4 h5 46. Kf5 h4 47. gxh4 Kxh4 48. Kg6 Rb7 49. Kf5 Kh5 50. f4 exf4 51. Kxf4 Rb5 52. Ke4 Kh4 53. Kf4 g5+ 54. Kf3 f5 55. Kg2 g4 56. Kf2 Kh3 57. Ke3 Rb4 58. Kd3 f4 59. Kc3 Rb8 60. Kd3 g3 61. hxg3 fxg3 62. Ke2 g2 63. Kf2 Rf8+ 0-1

[Event "WchT Blitz Pool B"]
[Site "London"]
[Date "2025.06.14"]
[Round "1.5"]
[White "Divya, Deshmukh"]
[Black "Gong, Qianyun"]
[Result "1-0"]
[WhiteElo "2463"]
[BlackElo "2228"]
[PlyCount "87"]
[EventDate "2025.06.14"]
[EventType "team-tourn"]
[EventRounds "13"]
[EventCountry "ENG"]
[SourceTitle "CB25_2025"]
[SourceDate "2025.06.18"]
[SourceVersion "1"]
[SourceVersionDate "2025.06.18"]
[SourceQuality "1"]
[WhiteTeam "Hexamind Team"]
[BlackTeam "Theme Int Trading"]
[WhiteTeamCountry "USA"]
[BlackTeamCountry "SIN"]

1. e4 e6 2. d4 d5 3. Nd2 Be7 4. Ngf3 Nf6 5. e5 Nfd7 6. c3 c5 7. Bd3 Nc6 8. 0-0 0-0 9. Re1 f6 10. exf6 Nxf6 11. dxc5 Bxc5 12. Nb3 Bb6 13. Nbd4 Qd6 14. Be3 h6 15. Nxc6 bxc6 16. Bd4 Ng4 17. h3 Bxd4 18. cxd4 Rxf3 19. Qxf3 Nf6 20. b3 Bd7 21. Rac1 Rf8 22. Qe3 Qa3 23. Bb1 a5 24. Qc3 Qd6 25. Qxa5 Nh5 26. Re5 Nf4 27. Qd2 Qe7 28. Qe3 Qf6 29. a4 Rb8 30. a5 Be8 31. Kh2 Ra8 32. b4 Rb8 33. g3 Nh5 34. Rxe6 Qf8 35. a6 Nf6 36. a7 Ra8 37. Re7 Bd7 38. b5 cxb5 39. Rc7 Qd8 40. Rcxd7 Nxd7 41. Qe6+ Kh8 42. Qxd7 Qf8 43. Rf7 Qg8 44. Qf5 1-0

[Event "WchT Blitz Pool B"]
[Site "London"]
[Date "2025.06.14"]
[Round "3.5"]
[White "Divya, Deshmukh"]
[Black "Hryshchenko, Kamila"]
[Result "0-1"]
[WhiteElo "2463"]
[BlackElo "2097"]
[PlyCount "76"]
[EventDate "2025.06.14"]
[EventType "team-tourn"]
[EventRounds "13"]
[EventCountry "ENG"]
[SourceTitle "CB25_2025"]
[SourceDate "2025.06.18"]
[SourceVersion "1"]
[SourceVersionDate "2025.06.18"]
[SourceQuality "1"]
[WhiteTeam "Hexamind Team"]
[BlackTeam "Sharks 4NCL"]
[WhiteTeamCountry "USA"]
[BlackTeamCountry "ENG"]

1. e4 b6 2. d4 Bb7 3. Bd3 e6 4. Ne2 d5 5. e5 c5 6. c3 Nc6 7. 0-0 Qc7 8. Nd2 Nge7 9. b3 cxd4 10. cxd4 Nb4 11. Bb1 Ba6 12. Nf3 Rc8 13. a3 Nbc6 14. Be3 Na5 15. Ra2 Qd7 16. Bd3 Bxd3 17. Qxd3 Nf5 18. Bd2 Nc6 19. Rc1 Be7 20. b4 0-0 21. Rac2 a5 22. g4 Nh4 23. Nxh4 Bxh4 24. g5 f6 25. b5 Ne7 26. Rxc8 Rxc8 27. gxf6 gxf6 28. Nf4 Nf5 29. Kh1 Rxc1+ 30. Bxc1 fxe5 31. dxe5 Qc7 32. Bb2 d4 33. Nxe6 Qxe5 34. Qc4 Qe1+ 35. Kg2 Qxf2+ 36. Kh1 Qf3+ 37. Kg1 Bf2+ 38. Kf1 Ne3# 0-1

[Event "WchT Blitz Pool B"]
[Site "London"]
[Date "2025.06.14"]
[Round "7.5"]
[White "Divya, Deshmukh"]
[Black "Muzychuk, Anna"]
[Result "1/2-1/2"]
[WhiteElo "2463"]
[BlackElo "2535"]
[PlyCount "121"]
[EventDate "2025.06.14"]
[EventType "team-tourn"]
[EventRounds "13"]
[EventCountry "ENG"]
[SourceTitle "CB25_2025"]
[SourceDate "2025.06.18"]
[SourceVersion "1"]
[SourceVersionDate "2025.06.18"]
[SourceQuality "1"]
[WhiteTeam "Hexamind Team"]
[BlackTeam "Freedom"]
[WhiteTeamCountry "USA"]
[BlackTeamCountry "IND"]

1. e4 e5 2. Nf3 Nc6 3. d4 exd4 4. Nxd4 Nf6 5. Nxc6 bxc6 6. Nd2 d5 7. exd5 cxd5 8. Bb5+ Bd7 9. Bxd7+ Qxd7 10. 0-0 Be7 11. b3 0-0 12. Bb2 Rfe8 13. Re1 Ng4 14. Nf3 Bf6 15. Bxf6 Nxf6 16. Qd4 a5 17. a4 Qc6 18. c3 h6 19. h3 Rxe1+ 20. Rxe1 Rb8 21. Nd2 Re8 22. Rxe8+ Qxe8 23. Kf1 Qb8 24. b4 Qb6 25. bxa5 Qxa5 26. Nb3 Qa6+ 27. Kg1 Qe2 28. Nc5 Qa2 29. Qb4 Qa1+ 30. Kh2 Qe1 31. Qd4 Qa1 32. f3 Qa2 33. Qb4 Qf2 34. Qd4 Qa2 35. Nd3 Qa1 36. Nf4 Qa2 37. Nd3 Qa1 38. Nf4 c5 39. Qxc5 Qxa4 40. Qc8+ Kh7 41. Qf5+ Kg8 42. Nxd5 Nxd5 43. Qxd5 Qf4+ 44. g3 Qc1 45. Qd8+ Kh7 46. Qd3+ g6 47. h4 h5 48. c4 Qb2+ 49. Kh3 Qc1 50. Kg2 Qb2+ 51. Kg1 Qc1+ 52. Kf2 Qb2+ 53. Kf1 Qc1+ 54. Ke2 Qb2+ 55. Qd2 Qe5+ 56. Kf2 Qc5+ 57. Qe3 Qxc4 58. Kg2 Qc2+ 59. Kh3 Qd1 60. Kg2 Qc2+ 61. Kh3 1/2-1/2

[Event "WchT Rapid"]
[Site "London"]
[Date "2025.06.11"]
[Round "4.5"]
[White "Bulmaga, Irina"]
[Black "Divya, Deshmukh"]
[Result "1-0"]
[WhiteElo "2372"]
[BlackElo "2386"]
[PlyCount "95"]
[EventDate "2025.06.11"]
[EventType "team-swiss"]
[EventRounds "12"]
[EventCountry "ENG"]
[SourceTitle "CB25_2025"]
[SourceDate "2025.06.18"]
[SourceVersion "1"]
[SourceVersionDate "2025.06.18"]
[SourceQuality "1"]
[WhiteTeam "Malcolm's Mates"]
[BlackTeam "Hexamind Team"]
[WhiteTeamCountry "ENG"]
[BlackTeamCountry "USA"]

1. e4 e6 2. d4 d5 3. Nc3 Nf6 4. Bg5 dxe4 5. Nxe4 Nbd7 6. Nf3 h6 7. Nxf6+ Nxf6 8. Be3 Bd6 9. Bd3 Bd7 10. Qe2 Nd5 11. Bd2 Qf6 12. c3 Nf4 13. Bxf4 Qxf4 14. g3 Qf6 15. Be4 Rb8 16. 0-0-0 b5 17. Ne5 Rb6 18. f4 Qe7 19. Kb1 Bxe5 20. dxe5 b4 21. c4 0-0 22. h4 b3 23. a3 Bc6 24. Bxc6 Rxc6 25. Rd4 f6 26. Re1 Qf7 27. Qe4 fxe5 28. Qxc6 exd4 29. Qxe6 Qxe6 30. Rxe6 g5 31. hxg5 hxg5 32. Rg6+ Kf7 33. Rxg5 Rh8 34. Kc1 Rh2 35. Rb5 Rc2+ 36. Kb1 Rxc4 37. Rxb3 a5 38. Rd3 a4 39. Rd2 Kf6 40. Rc2 Rxc2 41. Kxc2 Kf5 42. b4 axb3+ 43. Kxb3 Ke4 44. Kc2 Ke3 45. Kd1 c5 46. f5 c4 47. f6 c3 48. f7 1-0

[Event "Sharjah Masters-A 8th"]
[Site "Sharjah"]
[Date "2025.05.17"]
[Round "1"]
[White "Divya, Deshmukh"]
[Black "Bharath, Subramaniyam H"]
[Result "0-1"]
[WhiteElo "2469"]
[BlackElo "2556"]
[PlyCount "63"]
[EventDate "2025.05.17"]
[EventType "swiss"]
[EventRounds "9"]
[EventCountry "UAE"]
[SourceTitle "CB22_2025"]
[SourceDate "2025.05.28"]
[SourceVersion "1"]
[SourceVersionDate "2025.05.28"]
[SourceQuality "1"]

1. d4 Nf6 2. c4 e6 3. Nc3 d5 4. cxd5 exd5 5. Bf4 Be7 6. e3 Bf5 7. Qb3 Nc6 8. g4 Nxg4 9. Qxd5 Qxd5 10. Nxd5 Bb4+ 11. Ke2 0-0-0 12. Nxb4 Nxb4 13. Bg3 Rhe8 14. Rc1 Re7 15. Kd2 Nxa2 16. Ra1 Nb4 17. Rxa7 Kb8 18. Ra4 Be4 19. f3 Nxe3 20. fxe4 Nxf1+ 21. Kc3 Na6 22. Bh4 f6 23. Nf3 Ne3 24. Nd2 g5 25. Bg3 f5 26. Be5 Nc5 27. Ra5 b6 28. Rb5 Rxe5 29. dxe5 Rd3+ 30. Kb4 Rxd2 31. Rxc5 bxc5+ 32. Kc3 0-1

[Event "Pune FIDE GP (Women)"]
[Site "Pune"]
[Date "2025.04.18"]
[Round "5"]
[White "Divya, Deshmukh"]
[Black "Shuvalova, Polina"]
[Result "1/2-1/2"]
[WhiteElo "2460"]
[BlackElo "2500"]
[PlyCount "144"]
[EventDate "2025.04.14"]
[EventType "tourn"]
[EventRounds "9"]
[EventCountry "IND"]
[EventCategory "9"]
[SourceTitle "CB18_2025"]
[SourceDate "2025.04.30"]
[SourceVersion "1"]
[SourceVersionDate "2025.04.30"]
[SourceQuality "1"]

1. d4 Nf6 2. c4 e6 3. Nc3 d5 4. cxd5 exd5 5. Bf4 Bd6 6. Bxd6 Qxd6 7. e3 Bf5 8. Nge2 0-0 9. Ng3 Be4 10. Ngxe4 Nxe4 11. Nxe4 dxe4 12. Be2 Nd7 13. 0-0 c6 14. Qb3 Nb6 15. Rfc1 Rab8 16. a4 Nd5 17. Bc4 Rfd8 18. h3 g6 19. a5 a6 20. Bxd5 Qxd5 21. Qa3 Qe6 22. Rc5 f6 23. Rac1 Rd7 24. R1c4 Re8 25. Rb4 Ree7 26. Rb6 Kg7 27. Qc3 h5 28. Rb4 h4 29. Qc2 g5 30. Qb3 Kg6 31. Qxe6 Rxe6 32. Rb6 Red6 33. Kf1 Rd5 34. Rxd5 Rxd5 35. Rxb7 Rxa5 36. f3 Kf5 37. Rb6 Ra1+ 38. Kf2 Rb1 39. g4+ hxg3+ 40. Kxg3 Rf1 41. fxe4+ Kxe4 42. Rxc6 Kxe3 43. d5 Rg1+ 44. Kh2 Rd1 45. Rxf6 Rxd5 46. Rxa6 Rd2+ 47. Kg3 Rxb2 48. Ra5 Ke4 49. Rxg5 Rb1 50. Kg4 Rg1+ 51. Kh5 Rh1 52. h4 Kf4 53. Rg8 Kf5 54. Rf8+ Ke6 55. Kg5 Ke7 56. Rf4 Rg1+ 57. Kh6 Rh1 58. h5 Rg1 59. Kh7 Rh1 60. h6 Rg1 61. Kh8 Rg6 62. Kh7 Rg1 63. Kh8 Rg6 64. h7 Rg1 65. Ra4 Kf7 66. Rf4+ Ke7 67. Ra4 Kf7 68. Ra7+ Kf8 69. Ra8+ Kf7 70. Rg8 Rf1 71. Rg7+ Kf8 72. Rf7+ Rxf7 1/2-1/2

[Event "Pune FIDE GP (Women)"]
[Site "Pune"]
[Date "2025.04.16"]
[Round "3"]
[White "Koneru, Humpy"]
[Black "Divya, Deshmukh"]
[Result "1-0"]
[WhiteElo "2528"]
[BlackElo "2460"]
[PlyCount "105"]
[EventDate "2025.04.14"]
[EventType "tourn"]
[EventRounds "9"]
[EventCountry "IND"]
[EventCategory "9"]
[SourceTitle "CB18_2025"]
[SourceDate "2025.04.30"]
[SourceVersion "1"]
[SourceVersionDate "2025.04.30"]
[SourceQuality "1"]

1. c4 Nf6 2. Nf3 c5 3. Nc3 Nc6 4. g3 g6 5. Bg2 d5 6. cxd5 Nxd5 7. h4 Bg7 8. h5 Bf5 9. Ng5 Ndb4 10. d3 Nd4 11. 0-0 h6 12. Nge4 Rc8 13. hxg6 Bxg6 14. a3 Na6 15. e3 Nc6 16. Nd5 0-0 17. Nf4 Kh7 18. Bd2 e5 19. Nxg6 fxg6 20. Qb1 Ne7 21. Rc1 Qb6 22. b4 cxb4 23. Rxc8 Rxc8 24. axb4 Nd5 25. Ng5+ hxg5 26. Bxd5 Nc7 27. Qc2 Rd8 28. Be4 Nd5 29. Qc4 Nf6 30. Kg2 Rd7 31. Qc8 Qd8 32. Qxd8 Rxd8 33. Bxb7 Rxd3 34. Be1 Rd7 35. Bc6 Rf7 36. Ra5 Rc7 37. b5 Bf8 38. Bc3 Bd6 39. f4 Ng4 40. Kf3 Nh2+ 41. Kg2 Ng4 42. Kf3 Nh2+ 43. Ke4 exf4 44. Kd5 Bf8 45. exf4 gxf4 46. gxf4 Rf7 47. Bd4 Bh6 48. Ke6 Kg8 49. Bxa7 Bxf4 50. Bc5 Rf5 51. Bd4 Kh7 52. Be4 Rh5 53. Ra8 1-0

[Event "Titled Tuesday intern op 01st Apr Early"]
[Site "Chess.com INT"]
[Date "2025.04.01"]
[Round "6"]
[White "Sokolovsky, Yahli"]
[Black "Divya, Deshmukh"]
[Result "1-0"]
[WhiteElo "2545"]
[BlackElo "2470"]
[PlyCount "65"]
[EventDate "2025.04.01"]
[EventType "swiss (blitz)"]
[EventRounds "11"]
[EventCountry "USA"]
[SourceTitle "CB15_2025"]
[SourceDate "2025.04.09"]
[SourceVersion "1"]
[SourceVersionDate "2025.04.09"]
[SourceQuality "1"]

1. g3 Nf6 2. Bg2 d5 3. c4 e6 4. Nf3 Be7 5. 0-0 0-0 6. d4 dxc4 7. Ne5 Nc6 8. Nxc6 bxc6 9. Qa4 Qxd4 10. Rd1 Qe5 11. Bf4 Qxb2 12. Nd2 Nd5 13. Nxc4 Qb5 14. Qc2 Ba6 15. Ne5 Qxe2 16. Rd2 Qh5 17. Qxc6 Be2 18. Bxd5 exd5 19. Re1 g5 20. Be3 Bf3 21. Nxf3 Qxf3 22. Rxd5 g4 23. Bd4 Rfe8 24. Qb5 h6 25. Rf5 c6 26. Qa5 Qd3 27. Qe5 f6 28. Qe6+ Kh7 29. Qf7+ Kh8 30. Bxf6+ Bxf6 31. Qxf6+ Kh7 32. Qf7+ Kh8 33. Rxe8+ 1-0

[Event "Prague Challengers 7th"]
[Site "Prague"]
[Date "2025.03.01"]
[Round "4"]
[White "Divya, Deshmukh"]
[Black "Ma, Qun"]
[Result "1/2-1/2"]
[WhiteElo "2490"]
[BlackElo "2645"]
[PlyCount "78"]
[EventDate "2025.02.26"]
[EventType "tourn"]
[EventRounds "9"]
[EventCountry "CZE"]
[EventCategory "13"]
[SourceTitle "CB11_2025"]
[SourceDate "2025.03.12"]
[SourceVersion "1"]
[SourceVersionDate "2025.03.12"]
[SourceQuality "1"]

1. e4 e5 2. Nf3 Nc6 3. Bb5 Nf6 4. 0-0 Nxe4 5. Re1 Nd6 6. Nxe5 Be7 7. Bf1 Nf5 8. Nf3 d5 9. d4 0-0 10. Nc3 Nh4 11. Nxh4 Bxh4 12. Bf4 Be6 13. Ne2 Ne7 14. Bg3 Ng6 15. c3 c6 16. Nf4 Bxg3 17. hxg3 Nxf4 18. gxf4 Qd6 19. g3 Bf5 20. Bd3 Bxd3 21. Qxd3 Rae8 22. Re3 Re6 23. Rae1 Rfe8 24. f5 Rxe3 25. Rxe3 Rxe3 26. Qxe3 Kf8 27. Kf1 a5 28. a4 h6 29. Qd2 Ke7 30. Qe2+ Kf6 31. Qh5 Qb8 32. g4 Qf4 33. Qh4+ Qg5 34. Qh2 Qxg4 35. Qe5+ Kg5 36. Qxg7+ Kf4 37. Qe5+ Kg5 38. Qg7+ Kf4 39. Qe5+ Kg5 1/2-1/2

[Event "Tata Steel-B 87th"]
[Site "Wijk aan Zee"]
[Date "2025.01.26"]
[Round "8"]
[White "Divya, Deshmukh"]
[Black "Nogerbek, Kazybek"]
[Result "0-1"]
[WhiteElo "2490"]
[BlackElo "2514"]
[PlyCount "132"]
[EventDate "2025.01.18"]
[EventType "tourn"]
[EventRounds "13"]
[EventCountry "NED"]
[EventCategory "12"]
[SourceTitle "CB06_2025"]
[SourceDate "2025.02.05"]
[SourceVersion "1"]
[SourceVersionDate "2025.02.05"]
[SourceQuality "1"]

1. c4 e5 2. Nc3 Nf6 3. g3 Bb4 4. Bg2 0-0 5. e4 Bxc3 6. bxc3 c6 7. Ne2 d5 8. exd5 cxd5 9. d4 exd4 10. 0-0 dxc4 11. Ba3 d3 12. Bxf8 Qxf8 13. Nd4 Qa3 14. Qd2 Nbd7 15. Rab1 Nb6 16. Rb4 Bd7 17. Bxb7 Re8 18. Bf3 h6 19. Nb5 Qxb4 20. cxb4 Bxb5 21. Rc1 Rc8 22. Qf4 c3 23. Qe5 Nbd5 24. Qd4 d2 25. Qxd2 cxd2 26. Rxc8+ Be8 27. Kf1 Nxb4 28. Ke2 Nxa2 29. Kxd2 Nb4 30. Kc3 a5 31. Rc5 Na6 32. Rxa5 Nc7 33. Kd4 Ne6+ 34. Ke3 g5 35. h4 gxh4 36. gxh4 Kg7 37. Bb7 Bd7 38. Bf3 Nf8 39. Kf4 Ng6+ 40. Kg3 Be6 41. Ra1 Ne7 42. Rh1 Ne8 43. Bg4 Bd5 44. Bf3 Bc4 45. Bg4 Nd6 46. Re1 Kf6 47. Kh3 Bd5 48. Ra1 Ng6 49. h5 Nf4+ 50. Kh4 Ke5 51. Ra6 Nd3 52. Ra5 Nxf2 53. Bd7 f6 54. Kg3 Nfe4+ 55. Kh4 Nc4 56. Ra7 Kf4 57. Bc8 Ne5 58. Bb7 Nf3+ 59. Kh3 Nfg5+ 60. Kh4 Nd6 61. Ra4+ Bc4 62. Bc8 Nf3+ 63. Kh3 Kg5 64. Bg4 Ne5 65. Bd1 Ne4 66. Kg2 Nc3 0-1

[Event "Tata Steel-B 87th"]
[Site "Wijk aan Zee"]
[Date "2025.01.25"]
[Round "7"]
[White "Lu, Miaoyi"]
[Black "Divya, Deshmukh"]
[Result "1-0"]
[WhiteElo "2429"]
[BlackElo "2490"]
[PlyCount "79"]
[EventDate "2025.01.18"]
[EventType "tourn"]
[EventRounds "13"]
[EventCountry "NED"]
[EventCategory "12"]
[SourceTitle "CB06_2025"]
[SourceDate "2025.02.05"]
[SourceVersion "1"]
[SourceVersionDate "2025.02.05"]
[SourceQuality "1"]

1. e4 c5 2. Nf3 Nc6 3. Bb5 Nf6 4. e5 Nd5 5. Nc3 Nc7 6. Bxc6 dxc6 7. d3 g6 8. h3 Bg7 9. 0-0 0-0 10. Re1 Ne6 11. a4 a5 12. Ne2 b6 13. Nf4 Ra7 14. b3 h6 15. Nxe6 Bxe6 16. Bb2 Qc8 17. Qe2 Rd8 18. Bc3 Rad7 19. Nh2 Rd5 20. f4 h5 21. Nf1 Bh6 22. Qf2 Rf8 23. Ne3 Rdd8 24. Qh4 Rde8 25. Rf1 f5 26. exf6 exf6 27. g4 Qc7 28. Ng2 Bd5 29. gxh5 g5 30. Qg3 Kh7 31. Rae1 Rxe1 32. Rxe1 Rg8 33. Qg4 Rf8 34. Qf5+ Kg8 35. Bxf6 Qf7 36. fxg5 Bg7 37. Nf4 Bf3 38. Ne6 Qxh5 39. Nxf8 Qh4 40. Qe6+ 1-0

[Event "Wch Blitz (Women)"]
[Site "New York"]
[Date "2024.12.30"]
[Round "1"]
[White "Cervantes Landeiro, Thalia"]
[Black "Divya, Deshmukh"]
[Result "0-1"]
[WhiteElo "2307"]
[BlackElo "2490"]
[PlyCount "159"]
[EventDate "2024.12.30"]
[EventType "swiss (blitz)"]
[EventRounds "11"]
[EventCountry "USA"]
[SourceTitle "CB01_2025"]
[SourceDate "2025.01.01"]
[SourceVersion "1"]
[SourceVersionDate "2025.01.01"]
[SourceQuality "1"]

1. d4 Nf6 2. c4 e6 3. Nf3 h6 4. Bf4 d5 5. e3 Bd6 6. Ne5 0-0 7. c5 Bxe5 8. Bxe5 Nc6 9. Bg3 Ne4 10. Nc3 f5 11. Be2 Bd7 12. 0-0 Be8 13. Nxe4 fxe4 14. Bg4 Qe7 15. b4 a6 16. Rb1 Bg6 17. a4 Qf7 18. Qe2 h5 19. Bh3 a5 20. b5 Nb4 21. Rb3 Qe7 22. b6 cxb6 23. Bd6 Qd7 24. Bxf8 Rxf8 25. Qb5 Be8 26. Qxb6 Qxa4 27. Bxe6+ Kh7 28. Rbb1 Qc6 29. Qxc6 Bxc6 30. f3 Re8 31. Bf5+ g6 32. Bh3 Nc2 33. fxe4 Rxe4 34. Rf7+ Kh6 35. Bd7 a4 36. Bxc6 bxc6 37. Ra7 Rxe3 38. Rxa4 Rd3 39. Rb6 Nxd4 40. h4 g5 41. hxg5+ Kxg5 42. Rbb4 Ne6 43. Ra5 Rc3 44. Rb6 Nd4 45. Ra4 Ne2+ 46. Kf2 Nf4 47. Rxc6 Rc2+ 48. Kf1 Rc1+ 49. Kf2 Rc2+ 50. Ke3 Nxg2+ 51. Kd3 Ne1+ 52. Ke3 Ng2+ 53. Kd3 Ne1+ 54. Kd4 h4 55. Ra8 h3 56. Rg8+ Kf5 57. Rh6 h2 58. Kxd5 Nf3 59. Rgh8 Rd2+ 60. Kc6 Kg4 61. Kc7 Kg3 62. c6 Rd1 63. Kc8 Kg2 64. c7 Rc1 65. Rg6+ Kf2 66. Rgh6 Kg2 67. Rg6+ Kf2 68. Kb8 Rb1+ 69. Ka7 Ra1+ 70. Kb6 Rb1+ 71. Ka5 Rc1 72. Rg7 Rc2 73. Kb6 Rb2+ 74. Ka6 Ra2+ 75. Kb5 Rc2 76. Rf7 Kg2 77. Rg7+ Kf2 78. Rgh7 Kg2 79. Rxh2+ Nxh2 80. c8Q 0-1

[Event "Wch Blitz (Women)"]
[Site "New York"]
[Date "2024.12.30"]
[Round "8"]
[White "Divya, Deshmukh"]
[Black "Koneru, Humpy"]
[Result "1-0"]
[WhiteElo "2490"]
[BlackElo "2523"]
[PlyCount "85"]
[EventDate "2024.12.30"]
[EventType "swiss (blitz)"]
[EventRounds "11"]
[EventCountry "USA"]
[SourceTitle "CB01_2025"]
[SourceDate "2025.01.01"]
[SourceVersion "1"]
[SourceVersionDate "2025.01.01"]
[SourceQuality "1"]

1. e4 e5 2. Nf3 Nc6 3. d4 exd4 4. Nxd4 Bc5 5. Nb3 Bb6 6. Qe2 a5 7. a4 d6 8. Nc3 Nge7 9. Bg5 f6 10. Be3 Bxe3 11. Qxe3 Be6 12. Bb5 0-0 13. 0-0 Nb4 14. Nd4 Bf7 15. Qd2 c6 16. Be2 Re8 17. Rad1 Qb6 18. Bg4 d5 19. Rfe1 c5 20. Ndb5 d4 21. Ne2 Rad8 22. Nf4 Ng6 23. Nxg6 Bxg6 24. Bf3 Nc6 25. g3 Ne5 26. Bg2 Bh5 27. Rc1 d3 28. Ra1 Nc4 29. Qc3 d2 30. Red1 Ne5 31. Rxd2 Rxd2 32. Qxd2 Nf3+ 33. Bxf3 Bxf3 34. Qd5+ Qe6 35. Nd6 Qxd5 36. exd5 Rd8 37. Nxb7 Rxd5 38. Nxa5 Rd2 39. Nc4 Rxc2 40. b3 Rc3 41. a5 Rxb3 42. Nd2 Rd3 43. Nxf3 1-0

[Event "Wch Blitz (Women)"]
[Site "New York"]
[Date "2024.12.30"]
[Round "3"]
[White "Uuriintuya, Uurtsaikh"]
[Black "Divya, Deshmukh"]
[Result "0-1"]
[WhiteElo "2187"]
[BlackElo "2490"]
[PlyCount "70"]
[EventDate "2024.12.30"]
[EventType "swiss (blitz)"]
[EventRounds "11"]
[EventCountry "USA"]
[SourceTitle "CB01_2025"]
[SourceDate "2025.01.01"]
[SourceVersion "1"]
[SourceVersionDate "2025.01.01"]
[SourceQuality "1"]

1. e4 e6 2. d4 d5 3. Nd2 c5 4. exd5 Qxd5 5. Ngf3 cxd4 6. Bc4 Qd7 7. 0-0 a6 8. Nb3 Nc6 9. Nbxd4 Nxd4 10. Nxd4 Qc7 11. Bb3 Bd6 12. Re1 Ne7 13. h3 0-0 14. c3 Ng6 15. Bg5 Bd7 16. Qc2 Rae8 17. Rad1 Bh2+ 18. Kh1 Bf4 19. Bxf4 Qxf4 20. Re4 Qf6 21. Re3 e5 22. Rf3 Qg5 23. Rg3 Qf6 24. Rf3 Qb6 25. Nf5 e4 26. Rd6 Qc7 27. Qd2 exf3 28. Rxd7 fxg2+ 29. Kxg2 Qe5 30. Ng3 Nh4+ 31. Kf1 Nf3 32. Qd1 Qf6 33. Kg2 Nh4+ 34. Kf1 Nf3 35. Kg2 Re1 0-1